Countries by a Single Word #1 - Statistics

General Stats
  • This quiz has been taken 746 times
  • The average score is 15 of 20
Answer Stats
Clue Country % Correct
España Spain
97%
Maple Canada
96%
Persia Iran
94%
Putin Russia
94%
Pope Vatican City
94%
Kiwi New Zealand
92%
Transylvania Romania
90%
Samsung South Korea
90%
Messi Argentina
89%
Pharao Egypt
86%
Lemur Madagascar
81%
Galápagos Ecuador
78%
Éire Ireland
77%
Rihanna Barbados
72%
Acapulco Mexico
68%
Serengeti Tanzania
55%
CERN Switzerland
53%
Phosphate Nauru
43%
Pinatubo Philippines
29%
Kumasi Ghana
20%
No matching quizzes found
Score Distribution
Percent of People with Each Score
Percentile by Number Answered
Your Score History
You have not taken this quiz